| 000 | 00949nam0a2200289 i 4500 | ||
|---|---|---|---|
| 001 | RU\NLR\BIBL_A\011306992 | ||
| 005 | 20240726230945.0 | ||
| 010 |
_a9785171002619 _93000 |
||
| 021 |
_aRU _b2016-96166 _96371 |
||
| 035 | _a(NLR Aleph) 011306992 | ||
| 090 |
_a11001569 _c11001569 |
||
| 100 | _a20170111d2016 u y0rusy50 ca | ||
| 101 | 1 |
_arus _ceng |
|
| 102 | _aRU | ||
| 105 | _ay z 000ay | ||
| 200 | 1 |
_aСмерть в апартаментах ректора _e[роман] _fМайкл Иннес _g[пер. с англ. С. Алукард] |
|
| 210 |
_aМосква _cАСТ _d2016 |
||
| 215 |
_a350, [1] с. _d18 |
||
| 225 | 1 | _aСерия "Золотой век английского детектива" | |
| 333 | _a16+ | ||
| 686 | 1 | _aШ6(4Вл)67-446(Лх1299-60) | |
| 700 | 1 |
_aИннес _bМ. _f1906-1994 _gМайкл |
|
| 942 | _cBOOK | ||
| 980 | _aNBR | ||